000
00321nam a22001457a 4500
003
SGT
020
_a
9789351868069
082
_a
070
_b
I14S
100
_a
SWAMI, OM
245
_a
IF TRUTH BE TOLD: A MONK'S MEMOIR
260
_b
HARPERCOLLINS PUBLISHERS
_c
2014
300
_a
253
650
_a
JOURNALISM
942
_2
ddc
_c
BK
999
_c
28544
_d
28544